Normal view
MARC view
- IE Irodov
Entry Personal Name
001 - CONTROL NUMBER
- control field: 10529
003 - CONTROL NUMBER IDENTIFIER
- control field: NUST
005 - DATE AND TIME OF LATEST TRANSACTION
- control field: 20180528035302.0
008 - FIXED-LENGTH DATA ELEMENTS
- fixed length control field: 180528|| aca||aabn | a|a d
040 ## - CATALOGING SOURCE
- Original cataloging agency: NUST
- Transcribing agency: NUST
100 ## - HEADING--PERSONAL NAME
- Personal name: IE Irodov
670 ## - SOURCE DATA FOUND
- Source citation: Work cat.: (NUST): IE Irodov, Problems in General Physics , 2015
